000 00891cam a2200277 4500
001 CD119430
008 020827n2001 000 0 eng u
035 _a(Sirsi) u119430
110 _aInstitute of Chartered Accountants in England and Wales
_92450
245 _aModel engagement letters
260 _aABG Professional Information
_c2001
300 _aCD-Rom
520 _aCD-Rom which gives full text, editable versions of model engagement letters for all the major professions including surveyors and estate agents.
650 _aCD-ROM
650 _aMODEL CONDITIONS OF ENGAGEMENT
650 _aTERMS OF ENGAGEMENT
650 _aESTATE AGENTS
650 _aSURVEYORS
650 _aMANAGING AGENTS
650 _aHOUSING ASSOCIATIONS
650 _aCHARITIES
650 _aLIMITED COMPANIES
650 _aSOLICITORS
690 _aPROFESSIONAL PRACTICE
942 _n0
999 _c102313
_d102313